XIX uncu asır sazşairlerinden Silleʼli Sururî. (Record no. 45032)

MARC details
000 -LEADER
fixed length control field 00641cam a22002051 4500
001 - CONTROL NUMBER
control field ne 62000296
003 - CONTROL NUMBER IDENTIFIER
control field DLC
005 - DATE AND TIME OF LATEST TRANSACTION
control field 20260227111734.0
008 - FIXED-LENGTH DATA ELEMENTS--GENERAL INFORMATION
fixed length control field 860130s1933 tu 000 0 tur
010 ## - LIBRARY OF CONGRESS CONTROL NUMBER
LC control number ne 62000296
035 ## - SYSTEM CONTROL NUMBER
System control number (OCoLC)13082619
040 ## - CATALOGING SOURCE
Original cataloging agency DLC
Transcribing agency TxU
Modifying agency TxU
-- DLC
050 00 - LIBRARY OF CONGRESS CALL NUMBER
Classification number PL248.S78
Item number Z65
100 1# - MAIN ENTRY--PERSONAL NAME
Personal name Ergun, Sadettin Nüzhet.
245 10 - TITLE STATEMENT
Title XIX uncu asır sazşairlerinden Silleʼli Sururî.
Statement of responsibility, etc. [Hazırlayan] Sadettin Nüzhet.
246 3# - VARYING FORM OF TITLE
Title proper/short title Ondokuzuncu asır sazşairlerinden Silleʼli Sururî
260 ## - PUBLICATION, DISTRIBUTION, ETC.
Place of publication, distribution, etc. [İstanbul]
Name of publisher, distributor, etc. Sühulet Kütüphanesi,
Date of publication, distribution, etc. [1933?]
300 ## - PHYSICAL DESCRIPTION
Extent 61 p.
Dimensions 20 cm.
600 00 - SUBJECT ADDED ENTRY--PERSONAL NAME
Personal name Sürurî,
Dates associated with a name -1855.

No items available.

Powered by Koha